=LDR 00000nam 2200000 4500 =001 INLIS000000000043437 =005 20131008103316 =008 ***********************************eng** =035 ##$$0010-101300000001359 =041 ##$$a eng =082 ##$$a 828.838 7 =090 ##$$a 828.838 7, Str s =100 ##$$a STRONGE, Oliver =245 ##$$a Sudden outlawed, Oliven Stronge =260 ##$$a 1935 $b London =300 ##$$a 215 hlm, 32 cm =650 ##$$a KESUSASTRAAN INGGRIS =850 ##$$a NBPNMAT